000 01185cam a2200265 a 4500
999 _c127112
_d127112
001 12489135
003 ARRUPE
005 20171013122226.0
008 010731s2001 enkaf b 001 0beng
010 _a 2001039620
020 _a1852852534 (cloth : alk. paper)
040 _aDLC
_cDLC
_dDLC
043 _ae-uk---
050 0 0 _aDA566.9.C5
_bB48 2001
082 0 0 _a941.084/092
_aB
_221
100 1 _aBest, Geoffrey,
_d1928-
_937073
245 1 0 _aChurchill :
_ba study in greatness /
_cGeoffrey Best.
260 _aLondon ;
_aNew York :
_bHambledon and London,
_c2001.
300 _axii, 370 p., [16] p. of plates :
_bill. ;
_c25 cm.
504 _aIncludes bibliographical references (p. [351]-359) and index.
600 1 0 _aChurchill, Winston,
_d1874-1965.
_937074
650 0 _aPrime ministers
_zGreat Britain
_vBiography.
_937075
651 0 _aGreat Britain
_xPolitics and government
_y20th century.
_937076
906 _a7
_bcbc
_corignew
_d1
_eocip
_f20
_gy-gencatlg
942 _2lcc
_cMONOGRAPH